Rezervy centrálnych bánk

Manažment rezerv centrálnymi bankami a dopad na prípadnú stabilitu lokálnej meny. Tendencia klesania celkových rezerv významných centrálnych bánk - výnimkou je Bank of England.

Salvato in:
Dettagli Bibliografici
Autore principale: Bikár, Miloš, 1973-
Altri autori: Kmeťko, Miroslav, 1969-
Natura: Capitolo di libro
Lingua:slovacco
Soggetti:
Tags: Aggiungi Tag
Nessun Tag, puoi essere il primo ad aggiungerne!!

MARC

LEADER 00000nla a2200000 4500
001 0240079
005 20240502073908.1
041 0 |a slo 
044 |a SK 
245 1 0 |a Rezervy centrálnych bánk  |c Miloš Bikár, Miroslav Kmeťko 
520 |a Manažment rezerv centrálnymi bankami a dopad na prípadnú stabilitu lokálnej meny. Tendencia klesania celkových rezerv významných centrálnych bánk - výnimkou je Bank of England. 
610 2 0 |a banky centrálne 
610 2 0 |a banky 
610 2 0 |a rezervy bankové 
610 2 0 |a rezervy finančné 
610 2 0 |a produkt domáci hrubý 
610 2 0 |a nástroje finančné 
610 2 0 |a účty bežné 
610 2 0 |a bilancia platobná 
100 1 |a Bikár, Miloš, 1973- 
700 1 |a Kmeťko, Miroslav, 1969-